Writing and language handbook : (Record no. 112729)
[ view plain ]
| 000 -LEADER | |
|---|---|
| fixed length control field | 00464nam a2200169 a 4500 |
| 001 - CONTROL NUMBER | |
| control field | 4017 |
| 005 - DATE AND TIME OF LATEST TRANSACTION | |
| control field | 20140414131948.0 |
| 008 - FIXED-LENGTH DATA ELEMENTS--GENERAL INFORMATION | |
| fixed length control field | 040603s19uu xx 00 eng d |
| 020 ## - INTERNATIONAL STANDARD BOOK NUMBER | |
| International Standard Book Number | 0-02-181655-7 |
| 050 ## - LIBRARY OF CONGRESS CALL NUMBER | |
| Classification number | TR 372.6 |
| Item number | Wr93 1997 |
| 245 ## - TITLE STATEMENT | |
| Title | Writing and language handbook : |
| Remainder of title | grade 1. |
| 260 ## - PUBLICATION, DISTRIBUTION, ETC. (IMPRINT) | |
| Place of publication, distribution, etc | New York : |
| Name of publisher, distributor, etc | Macmillan / McGraw-Hill, |
| Date of publication, distribution, etc | 1997. |
| 300 ## - PHYSICAL DESCRIPTION | |
| Extent | 48 p. : ill. ; cm. |
| 650 ## - SUBJECT ADDED ENTRY--TOPICAL TERM | |
| Topical term or geographic name as entry element | Writing |
| General subdivision | Study and teaching. |
| Withdrawn status | Lost status | Damaged status | Use restrictions | Home library | Current library | Shelving location | Date acquired | Source of acquisition | Total Checkouts | Full call number | Barcode | Date last seen | Price effective from | Koha item type |
|---|---|---|---|---|---|---|---|---|---|---|---|---|---|---|
| Munich Library | Munich Library | Teachers Reference Section | 06/03/2004 | TR 372.6 Wr93 1997 | M4113 | 04/14/2014 | 04/14/2014 | Books | ||||||
| Munich Library | Munich Library | Teachers Reference Section | 06/03/2004 | TR 372.6 Wr93 1997 | M4108 | 04/14/2014 | 04/14/2014 | Books |